| 000 | 00394nam a2200145Ia 4500 | ||
|---|---|---|---|
| 008 | 221030s9999 xx 000 0 und d | ||
| 041 | _aEnglish | ||
| 082 |
_a105.23 _bTri |
||
| 100 | _aTRIM | ||
| 245 | 0 |
_aThomas Register of Indian Manufacturers Products & Services Vol. III _cby TRIM |
|
| 260 |
_bThomas International Pub. _aNew Delhi _c2004 |
||
| 300 | _a1864 | ||
| 650 | _aGeneral | ||
| 942 | _cBK | ||
| 999 |
_c319 _d319 |
||